La médiation sur les cinq continents, rêve ou réalité ? : GEMME 20 ans déjà ! (notice n° 1660542)
[ vue normale ]
| 000 -LEADER | |
|---|---|
| fixed length control field | 01506cam a2200145 4500500 |
| 005 - DATE AND TIME OF LATEST TRANSACTION | |
| control field | 20260208013942.0 |
| 041 ## - LANGUAGE CODE | |
| Language code of text/sound track or separate title | fre |
| 042 ## - AUTHENTICATION CODE | |
| Authentication code | dc |
| 100 10 - MAIN ENTRY--PERSONAL NAME | |
| Personal name | Blohorn-Brenneur, Béatrice |
| Relator term | author |
| 245 00 - TITLE STATEMENT | |
| Title | La médiation sur les cinq continents, rêve ou réalité ? : GEMME 20 ans déjà ! |
| 260 ## - PUBLICATION, DISTRIBUTION, ETC. | |
| Name of publisher, distributor, etc. | L'Harmattan,<br/> |
| Date of publication, distribution, etc. | 2024.<br/> |
| 520 ## - SUMMARY, ETC. | |
| Summary, etc. | Cet ouvrage propose une réflexion profonde sur la nécessité d’une coexistence harmonieuse entre les êtres humains, quelle que soit leur culture, grâce à l’écoute active et au débat constructif.Des experts d’Europe, d’Asie et d’Afrique, réunis à Strasbourg lors du colloque du Conseil de l’Europe des 25 et 26 mai 2023, sous le haut patronage de M. Dupond-Moretti, garde des Sceaux, ministre de la Justice, ont exposé les avancées européennes et mondiales dans les différents domaines de la médiation (notamment familial, commercial, administratif). Ils ont décrit plusieurspratiques de médiation dans le monde.Ce livre souligne l’uvre novatrice et déterminante du Groupement européen des magistrats pour la médiation (GEMME) et du Conseil international de la médiation (CIM) pour implanter la médiation en France, en Europe et dans d’autres pays du monde. Le GEMME a célébré les 20 ans de sa création au Conseil de l’Europe. |
| 700 10 - ADDED ENTRY--PERSONAL NAME | |
| Personal name | Dupond-Moretti, Éric |
| Relator term | author |
| 856 41 - ELECTRONIC LOCATION AND ACCESS | |
| Uniform Resource Identifier | <a href="https://shs.cairn.info/La-mediation-sur-les-cinq-continents-reve-ou-realite---9782336452944?lang=fr&redirect-ssocas=7080">https://shs.cairn.info/La-mediation-sur-les-cinq-continents-reve-ou-realite---9782336452944?lang=fr&redirect-ssocas=7080</a> |
Pas d'exemplaire disponible.




Réseaux sociaux